000 00728nam a2200205 i 4500
001 60380
003 ES-MaACL
005 20241228220529.0
007 t|
008 031104s1909 sp ||||1| spa d
100 1 _aEspurz Campodarbe, Demetrio.
_947956
245 1 0 _aDiscurso leído en la solemne apertura del curso académico de 1909 a 1910
_b: [tema: Enseñanza de la Física en sus diversos grados] /
_cDemetrio Espurz Campodarbe.
260 _aOviedo :
_b[s.n.],
_c1909 (
_fEstº Tipº Calle Cascóniga, 18)
300 _a87 p. ;
_c29 cm.
500 _aPrecede al tít.: Universidad de Oviedo.
710 2 _aUniversidad de Oviedo.
_97260
852 _aES-MaACL
_jT-1182-F-4
942 _2udc
999 _c60380
_d60380